[Event "North American op"]
[Site "Las Vegas USA"]
[Date "2023.12.27"]
[Round "3.5"]
[White "Samsonkin, Artiom"]
[Black "Mikaelyan, Arman"]
[Result "1/2-1/2"]
[WhiteElo "2373"]
[BlackElo "2519"]
[PlyCount "69"]
[EventDate "2023.12.26"]
[EventType "swiss"]
[EventRounds "9"]
[EventCountry "USA"]
[Source "ChessMix"]
[SourceDate "2024.01.10"]

1. e4 c5 2. Nf3 Nc6 3. Bb5 Nf6 4. Bxc6 dxc6 5. d3 Bg4 6. Nbd2 Nd7 7. h3 Bh5 8.
g4 Bg6 9. Nc4 e6 10. Qe2 Qc7 11. a4 b5 12. Ne3 Be7 13. Ng2 c4 14. O-O O-O 15.
dxc4 bxa4 16. Nfh4 Nc5 17. Nxg6 hxg6 18. Nf4 Rfd8 19. Nd3 g5 20. Nxc5 Bxc5 21.
Be3 Bxe3 22. Qxe3 Qa5 23. b3 a3 24. Qe1 Qc5 25. Qe3 Qa5 26. e5 a2 27. Qe1 Qa3
28. Qc1 Qa5 29. Qe1 Qa6 30. Qc3 Qa3 31. Rxa2 Qxa2 32. Ra1 Qxa1+ 33. Qxa1 a5 34.
Qa4 c5 35. Kg2 1/2-1/2

[Event "North American op"]
[Site "Las Vegas USA"]
[Date "2023.12.28"]
[Round "6.9"]
[White "Andriasian, Zaven"]
[Black "Samsonkin, Artiom"]
[Result "1-0"]
[WhiteElo "2581"]
[BlackElo "2373"]
[PlyCount "77"]
[EventDate "2023.12.26"]
[EventType "swiss"]
[EventRounds "9"]
[EventCountry "USA"]
[Source "ChessMix"]
[SourceDate "2024.01.10"]

1. e4 c6 2. d4 d5 3. e5 c5 4. dxc5 e6 5. a3 Bxc5 6. Qg4 Ne7 7. Bd3 O-O 8. Nf3
Ng6 9. Qh5 Nc6 10. Nc3 Bd7 11. Bd2 Be8 12. O-O-O Qe7 13. Kb1 Rb8 14. Bg5 Qc7
15. Bf6 h6 16. g4 Nf4 17. Qh4 Ng6 18. Qh3 Nf4 19. Qg3 Nxd3 20. Rxd3 Ne7 21. g5
Nf5 22. Qg4 gxf6 23. Nxd5 exd5 24. gxf6+ Kh8 25. Qxf5 Rg8 26. Rc3 b6 27. Qh5
Kh7 28. h4 Rg6 29. Ng5+ Kg8 30. f4 Qd7 31. Qe2 Qb5 32. Qd1 d4 33. Rb3 Qc6 34.
f5 hxg5 35. hxg5 d3 36. Rxd3 Bf8 37. Rdh3 Rh6 38. gxh6 Kh8 39. Qg4 1-0

[Event "Titled Tuesday 2023.11.14 Early"]
[Site "chess.com INT"]
[Date "2023.11.14"]
[Round "11"]
[White "Samsonkin, Artiom"]
[Black "Galchenko, Matvey"]
[Result "0-1"]
[WhiteElo "2377"]
[BlackElo "2438"]
[PlyCount "94"]
[EventDate "2023.11.14"]
[EventType "swiss (blitz)"]
[EventRounds "11"]
[EventCountry "NET"]
[Source "Mark Crowther"]
[SourceDate "2023.11.20"]

1. e4 e6 2. d4 d5 3. Nc3 Bb4 4. Nge2 Nf6 5. e5 Nfd7 6. Qd3 c5 7. Qg3 cxd4 8.
Qxg7 Rf8 9. Nxd4 Qc7 10. Ndb5 Qa5 11. a3 Be7 12. Bd2 Qb6 13. Be3 Qd8 14. O-O-O
Nc6 15. Nd6+ Bxd6 16. exd6 Qf6 17. Qxh7 a6 18. Qh6 Rh8 19. Qxf6 Nxf6 20. f3 Bd7
21. Na4 Kf8 22. Nb6 Rd8 23. Bc5 Kg7 24. g4 Be8 25. Bd3 Rh3 26. Rdf1 Nd7 27.
Nxd7 Bxd7 28. Rf2 Rdh8 29. Bf1 R3h4 30. h3 e5 31. Be3 f5 32. Bg5 R4h7 33. Rg1
Kf7 34. Bd3 Rxh3 35. gxf5 Rg8 36. Rfg2 Nd4 37. f6 Nxf3 38. Rg3 Rxg3 39. Rxg3
Nxg5 40. Re3 Kxf6 41. Be2 e4 42. Rc3 Bc6 43. Bxa6 Ne6 44. Be2 Rg1+ 45. Kd2 Ke5
46. Rh3 Kxd6 47. Rh2 d4 0-1

[Event "Titled Tuesday 2023.10.24 Early"]
[Site "chess.com INT"]
[Date "2023.10.24"]
[Round "1"]
[White "Parfenov, Vi"]
[Black "Samsonkin, Artiom"]
[Result "0-1"]
[WhiteElo "2193"]
[BlackElo "2377"]
[PlyCount "148"]
[EventDate "2023.10.24"]
[EventType "swiss (blitz)"]
[EventRounds "11"]
[EventCountry "NET"]
[Source "Mark Crowther"]
[SourceDate "2023.10.30"]

1. e4 c5 2. Nf3 d6 3. Bb5+ Nd7 4. d4 cxd4 5. Nxd4 Ngf6 6. O-O a6 7. Ba4 g6 8.
Re1 Bg7 9. c4 O-O 10. Nc3 Nb6 11. Bb3 Bd7 12. Nd5 Rc8 13. Qd3 Ng4 14. Nf3 Re8
15. h3 Nxd5 16. exd5 Bf5 17. Qe2 Nf6 18. Nd4 Bd7 19. Be3 Ne4 20. Rad1 Nc5 21.
Bg5 Qb6 22. Be3 Nxb3 23. axb3 Qb4 24. Bd2 Qc5 25. Be3 Qb4 26. Bd2 Qb6 27. Be3
Qc7 28. Qd2 b5 29. Rc1 Qb7 30. Bh6 Bh8 31. Bg5 Qb6 32. Be3 Qb7 33. Bg5 bxc4 34.
bxc4 Qb6 35. Be3 Qc7 36. b3 Rb8 37. Bg5 e6 38. dxe6 fxe6 39. Re3 Qc5 40. Nf3
Bc6 41. Rce1 Bxf3 42. Rxf3 Be5 43. Bf4 Bxf4 44. Qxf4 Rf8 45. Qe4 Rxf3 46. Qxf3
Rf8 47. Qe3 Qxe3 48. Rxe3 Kf7 49. f4 Ke7 50. g3 Rb8 51. Kg2 Kd7 52. h4 h5 53.
Kf3 a5 54. g4 Rb4 55. f5 exf5 56. gxh5 gxh5 57. Kf4 a4 58. bxa4 Rxc4+ 59. Kxf5
Rxh4 60. Kg5 Rxa4 61. Kxh5 Rf4 62. Kg5 Rf1 63. Kg4 d5 64. Rf3 Re1 65. Kf4 Kd6
66. Re3 Rf1+ 67. Rf3 Rxf3+ 68. Kxf3 Kc5 69. Ke3 Kc4 70. Ke2 Kc3 71. Ke1 Kd3 72.
Kd1 d4 73. Ke1 Kc2 74. Ke2 d3+ 0-1

[Event "Titled Tuesday 2023.10.10 Early"]
[Site "chess.com INT"]
[Date "2023.10.10"]
[Round "11"]
[White "Tregubov, P."]
[Black "Samsonkin, Artiom"]
[Result "0-1"]
[WhiteElo "2567"]
[BlackElo "2377"]
[PlyCount "150"]
[EventDate "2023.10.10"]
[EventType "swiss (blitz)"]
[EventRounds "11"]
[EventCountry "NET"]
[Source "Mark Crowther"]
[SourceDate "2023.10.16"]

1. e4 c5 2. Nf3 d6 3. Bb5+ Nd7 4. Ba4 Ngf6 5. O-O g6 6. Re1 Bg7 7. c3 O-O 8. d4
cxd4 9. cxd4 a6 10. Bb3 e5 11. dxe5 dxe5 12. Nc3 b5 13. Bg5 Bb7 14. Bd5 Bxd5
15. Nxd5 h6 16. Bxf6 Nxf6 17. Nxe5 Nxd5 18. Qxd5 Qg5 19. f4 Qh5 20. Nc6 Qg4 21.
f5 Kh7 22. h3 Qf4 23. Re2 Rae8 24. Rf1 Qg5 25. Qd3 Qf6 26. Nb4 Qd4+ 27. Qxd4
Bxd4+ 28. Kh1 gxf5 29. Rxf5 Rc8 30. Nxa6 Rc1+ 31. Kh2 Rg8 32. g4 Rgc8 33. Rxf7+
Kg6 34. Rf3 Be5+ 35. Kg2 Rb1 36. Nb4 Rcc1 37. Nd5 Rg1+ 38. Kf2 Bd4+ 39. Ree3
Rbf1+ 40. Ke2 Re1+ 41. Kd3 Bxe3 42. Nxe3 Rb1 43. b3 Rb2 44. Rf5 Rg3 45. Rxb5
Rxh3 46. Kd4 Rd2+ 47. Kc3 Re2 48. Rb6+ Kg5 49. Rb5+ Kg6 50. Rb6+ Kf7 51. Kd4
Rexe3 52. Ke5 Rd3 53. Rb7+ Kg6 54. Rb6+ Kg5 55. Rb8 Rhe3 56. Rg8+ Kh4 57. Rg6
Rd2 58. Rxh6+ Kxg4 59. Rg6+ Kh5 60. Rg8 Rxa2 61. b4 Rb2 62. Rb8 Rbe2 63. b5
Rxe4+ 64. Kd5 Re5+ 65. Kc6 Rc2+ 66. Kb6 Re6+ 67. Ka7 Ra2+ 68. Kb7 Re7+ 69. Kc6
Rc2+ 70. Kd6 Rg7 71. b6 Rg6+ 72. Kd7 Rf2 73. b7 Rf7+ 74. Ke8 Rg8+ 75. Kxf7 Rxb8
0-1

[Event "Transnational Crown"]
[Site "Montreal CAN"]
[Date "2023.06.06"]
[Round "1.25"]
[White "Dukic, Zachary"]
[Black "Samsonkin, Artiom"]
[Result "0-1"]
[WhiteElo "2151"]
[BlackElo "2420"]
[PlyCount "50"]
[EventDate "2023.06.06"]
[EventType "swiss"]
[EventRounds "9"]
[EventCountry "CAN"]

1. e4 c6 2. d4 d5 3. e5 c5 4. Nf3 cxd4 5. Qxd4 Nc6 6. Qf4 g6 7. Nc3 d4 8. Bc4
Bf5 9. Nb5 Rc8 10. Ng5 Nh6 11. g4 Nb4 12. Bb3 Nxc2+ 13. Bxc2 Bxc2 14. Nxd4 Rc4
15. Be3 Qa5+ 16. Kf1 Bg7 17. Ngf3 Qd5 18. Rg1 O-O 19. b3 Rcc8 20. Nxc2 Rxc2 21.
Kg2 f6 22. Rgd1 Qc6 23. e6 g5 24. Qb4 f5 25. Qa4 b5 0-1

[Event "Transnational Crown"]
[Site "Montreal CAN"]
[Date "2023.06.07"]
[Round "2.9"]
[White "Samsonkin, Artiom"]
[Black "Szabo, Gergely-Andras-Gyul"]
[Result "0-1"]
[WhiteElo "2420"]
[BlackElo "2504"]
[PlyCount "69"]
[EventDate "2023.06.06"]
[EventType "swiss"]
[EventRounds "9"]
[EventCountry "CAN"]

1. e4 Nf6 2. e5 Nd5 3. d4 d6 4. c4 Nb6 5. f4 dxe5 6. fxe5 Nc6 7. Be3 Bf5 8. Nc3
e6 9. Nf3 Bb4 10. Be2 Na5 11. c5 Nd5 12. Bd2 Nc6 13. O-O Bxc3 14. bxc3 O-O 15.
Qe1 b6 16. Bb5 Qd7 17. c4 Nde7 18. cxb6 cxb6 19. Bb4 Rfc8 20. d5 exd5 21. Nd4
dxc4 22. Rf4 Qxd4+ 23. Rxd4 Nxd4 24. Ba4 Nd5 25. Rd1 Bd3 26. e6 Nxe6 27. Bd7
Nxb4 28. Bxc8 Nc2 29. Qc3 Ncd4 30. Kf2 Ne2 31. Qa3 Rxc8 32. Rxd3 cxd3 33. Qxd3
N2d4 34. Qa6 Rc7 35. g3 0-1

[Event "Transnational Crown"]
[Site "Montreal CAN"]
[Date "2023.06.08"]
[Round "3.15"]
[White "Hua, Eugene"]
[Black "Samsonkin, Artiom"]
[Result "1/2-1/2"]
[WhiteElo "2275"]
[BlackElo "2420"]
[PlyCount "61"]
[EventDate "2023.06.06"]
[EventType "swiss"]
[EventRounds "9"]
[EventCountry "CAN"]

1. d4 Nf6 2. Bf4 d6 3. Nc3 Nbd7 4. e4 e5 5. Be3 Be7 6. Bc4 O-O 7. Nf3 c6 8. a4
Nxe4 9. Nxe4 d5 10. Nxe5 Nxe5 11. dxe5 dxc4 12. O-O Bf5 13. Nd6 Bxd6 14. exd6
Qf6 15. Qe2 Qg6 16. Rfe1 Qxd6 17. Qxc4 Qg6 18. Bf4 Rfe8 19. c3 h5 20. Bg3 Re4
21. Rxe4 Bxe4 22. Re1 Rd8 23. h4 Bf5 24. Qb4 b6 25. Qe7 Rd2 26. Qe8+ Kh7 27.
Qa8 Be4 28. Qe8 Bf5 29. Qa8 Be4 30. Qe8 Bf5 31. Qa8 1/2-1/2

[Event "Transnational Crown"]
[Site "Montreal CAN"]
[Date "2023.06.09"]
[Round "4.17"]
[White "Samsonkin, Artiom"]
[Black "Vettese, Nicholas"]
[Result "0-1"]
[WhiteElo "2420"]
[BlackElo "2283"]
[PlyCount "78"]
[EventDate "2023.06.06"]
[EventType "swiss"]
[EventRounds "9"]
[EventCountry "CAN"]

1. e4 c5 2. Nf3 e6 3. d4 cxd4 4. Nxd4 Nc6 5. Nc3 Qc7 6. Be3 a6 7. g4 h6 8. Qd2
Nf6 9. f3 Ne5 10. Rg1 g5 11. h4 gxh4 12. O-O-O b5 13. Kb1 b4 14. Na4 Rb8 15.
Qh2 Be7 16. g5 hxg5 17. Bxg5 d6 18. f4 Nc6 19. e5 Nd5 20. Bg2 Nxd4 21. Bxd5
dxe5 22. fxe5 exd5 23. Rxd4 h3 24. Bxe7 Kxe7 25. Rxd5 Be6 26. Rd6 Rhg8 27. Rgd1
Rg2 28. Qf4 Qxc2+ 29. Ka1 Qf2 30. Qh6 Rg6 31. Rxe6+ Rxe6 32. Qxh3 Rd8 33. Rc1
Rc8 34. Rf1 Rxe5 35. Rd1 Rd8 36. Rb1 Re1 37. a3 Rxb1+ 38. Kxb1 Qe1+ 39. Ka2
Qe6+ 0-1

[Event "Transnational Crown"]
[Site "Montreal CAN"]
[Date "2023.06.09"]
[Round "5.18"]
[White "Plotkin, Victor"]
[Black "Samsonkin, Artiom"]
[Result "1/2-1/2"]
[WhiteElo "2170"]
[BlackElo "2420"]
[PlyCount "68"]
[EventDate "2023.06.06"]
[EventType "swiss"]
[EventRounds "9"]
[EventCountry "CAN"]

1. e4 c6 2. Nc3 d5 3. Nf3 dxe4 4. Nxe4 Nf6 5. Nxf6+ exf6 6. Bc4 Bd6 7. Qe2+ Be7
8. O-O O-O 9. Re1 Bd6 10. d4 a5 11. Bd2 Na6 12. a3 Nc7 13. h3 b5 14. Bd3 Re8
15. Qf1 Be6 16. c4 bxc4 17. Bxc4 Nd5 18. Rac1 Qd7 19. Rc2 a4 20. Rec1 Rab8 21.
Bd3 Nf4 22. Bxf4 Bxf4 23. Re1 Bd5 24. Rxe8+ Rxe8 25. Re2 Rb8 26. Qe1 g6 27. Be4
Bc4 28. Rc2 Qe6 29. Qc3 Bb3 30. Re2 Bd5 31. Bd3 Qd6 32. Nd2 Kg7 33. Ne4 Bxe4
34. Bxe4 Re8 1/2-1/2

[Event "Transnational Crown"]
[Site "Montreal CAN"]
[Date "2023.06.10"]
[Round "6.17"]
[White "Samsonkin, Artiom"]
[Black "Jaferian, Koosha"]
[Result "1/2-1/2"]
[WhiteElo "2420"]
[BlackElo "2201"]
[PlyCount "28"]
[EventDate "2023.06.06"]
[EventType "swiss"]
[EventRounds "9"]
[EventCountry "CAN"]

1. e4 e5 2. Nf3 Nc6 3. Bc4 Nf6 4. d4 exd4 5. O-O Nxe4 6. Re1 d5 7. Bxd5 Qxd5 8.
Nc3 Qh5 9. Nxe4 Be6 10. Bg5 Bd6 11. Nxd6+ cxd6 12. Bf4 Qd5 13. c3 O-O 14. Nxd4
Nxd4 1/2-1/2

[Event "Transnational Crown"]
[Site "Montreal CAN"]
[Date "2023.06.10"]
[Round "7.16"]
[White "Zheng, Richard"]
[Black "Samsonkin, Artiom"]
[Result "1/2-1/2"]
[WhiteElo "2192"]
[BlackElo "2420"]
[PlyCount "63"]
[EventDate "2023.06.06"]
[EventType "swiss"]
[EventRounds "9"]
[EventCountry "CAN"]

1. d4 e6 2. c4 Nf6 3. Nc3 Bb4 4. Qc2 O-O 5. a3 Bxc3+ 6. Qxc3 d5 7. Bg5 h6 8.
Bxf6 Qxf6 9. e3 dxc4 10. Qxc4 Nc6 11. Nf3 Re8 12. Be2 e5 13. dxe5 Qg6 14. O-O
Bh3 15. Nh4 Qg5 16. Qf4 Nxe5 17. Rfd1 Be6 18. Qxg5 hxg5 19. Nf3 Bg4 20. Rd2
Rad8 21. Rad1 Rxd2 22. Rxd2 Nxf3+ 23. Bxf3 Bxf3 24. gxf3 Re7 25. Kg2 Kh7 26.
Kg3 Kg6 27. f4 gxf4+ 28. Kxf4 Re6 29. Rc2 Rb6 30. b4 c6 31. Ke5 a5 32. Rc4
1/2-1/2

[Event "Transnational Crown"]
[Site "Montreal CAN"]
[Date "2023.06.11"]
[Round "8.18"]
[White "Samsonkin, Artiom"]
[Black "Song, Edward"]
[Result "1/2-1/2"]
[WhiteElo "2420"]
[BlackElo "2375"]
[PlyCount "79"]
[EventDate "2023.06.06"]
[EventType "swiss"]
[EventRounds "9"]
[EventCountry "CAN"]

1. e4 c6 2. d4 d5 3. exd5 cxd5 4. Bd3 Nc6 5. c3 Nf6 6. h3 e5 7. dxe5 Nxe5 8.
Nf3 Nxd3+ 9. Qxd3 h6 10. O-O Be7 11. Qb5+ Qd7 12. Qxd7+ Bxd7 13. Re1 Be6 14.
Nd4 Kd7 15. Bf4 Bc5 16. Nb3 Be7 17. N1d2 Rhc8 18. Nd4 Bd6 19. Bxd6 Kxd6 20.
Rad1 Bd7 21. Nf1 Re8 22. Ne3 g6 23. c4 dxc4 24. Nb5+ Kc6 25. Nd6 Re7 26. Ndxc4
Be6 27. Rc1 Bxc4 28. Rxc4+ Kd7 29. Rf4 Re6 30. Rc1 Rd8 31. g4 Ke8 32. h4 Red6
33. Rc7 R6d7 34. Rxd7 Nxd7 35. Re4+ Kf8 36. Rd4 Ke8 37. Nc4 Nc5 38. Rxd8+ Kxd8
39. Nd6 Ke7 40. Nc8+ 1/2-1/2

[Event "Transnational Rapid"]
[Site "Toronto CAN"]
[Date "2023.06.03"]
[Round "2.1"]
[White "Samsonkin, Artiom"]
[Black "Bruzon Batista, L."]
[Result "1/2-1/2"]
[WhiteElo "2420"]
[BlackElo "2617"]
[PlyCount "28"]
[EventDate "2023.06.03"]
[EventType "swiss (rapid)"]
[EventRounds "11"]
[EventCountry "CAN"]
[Source "Mark Crowther"]
[SourceDate "2023.06.12"]

1. e4 c5 2. Nf3 d6 3. d4 cxd4 4. Qxd4 Nf6 5. Be2 Nc6 6. Qe3 g6 7. O-O Bg7 8. c4
O-O 9. Nc3 Bg4 10. Rb1 Nd7 11. Rd1 Qa5 12. Bd2 Qc5 13. Nd5 Bxf3 14. Qxf3 Nde5
1/2-1/2

[Event "Transnational Rapid"]
[Site "Toronto CAN"]
[Date "2023.06.03"]
[Round "3.5"]
[White "Matviishen, Viktor"]
[Black "Samsonkin, Artiom"]
[Result "1-0"]
[WhiteElo "2538"]
[BlackElo "2420"]
[PlyCount "73"]
[EventDate "2023.06.03"]
[EventType "swiss (rapid)"]
[EventRounds "11"]
[EventCountry "CAN"]
[Source "Mark Crowther"]
[SourceDate "2023.06.12"]

1. d4 e6 2. c4 Nf6 3. Nf3 Bb4+ 4. Nbd2 b6 5. a3 Bxd2+ 6. Qxd2 Bb7 7. e3 O-O 8.
Be2 d5 9. b3 Nbd7 10. Bb2 c5 11. O-O dxc4 12. bxc4 cxd4 13. exd4 Rc8 14. Rac1
Qc7 15. Qg5 h6 16. Qh4 Rfe8 17. Rfe1 Qd8 18. Red1 Qe7 19. Qf4 Nh5 20. Qe3 Nhf6
21. a4 Qb4 22. Bc3 Qxa4 23. Ra1 Qc6 24. Rxa7 Ra8 25. Rda1 Rxa7 26. Rxa7 Ra8 27.
Rxa8+ Bxa8 28. Bf1 Qa4 29. Ne5 Nxe5 30. Qxe5 Qc2 31. d5 Kh7 32. Qg3 Qc1 33.
Bxf6 gxf6 34. Qd3+ f5 35. dxe6 fxe6 36. Qd7+ Kg6 37. Qe8+ 1-0

[Event "Transnational Rapid"]
[Site "Toronto CAN"]
[Date "2023.06.04"]
[Round "5.5"]
[White "Samsonkin, Artiom"]
[Black "Liang, Awonder"]
[Result "0-1"]
[WhiteElo "2420"]
[BlackElo "2651"]
[PlyCount "88"]
[EventDate "2023.06.03"]
[EventType "swiss (rapid)"]
[EventRounds "11"]
[EventCountry "CAN"]
[Source "Mark Crowther"]
[SourceDate "2023.06.12"]

1. e4 d5 2. exd5 Qxd5 3. Nf3 Nf6 4. Be2 e6 5. O-O Be7 6. d4 Qd8 7. c4 b6 8. Ne5
Bb7 9. Bf3 Qc8 10. Qa4+ Nfd7 11. d5 exd5 12. cxd5 O-O 13. Nxd7 Nxd7 14. Re1 Bd6
15. Nc3 Ne5 16. Be2 Qf5 17. Be3 Qg6 18. Rad1 Bc8 19. Qh4 Bg4 20. Bxg4 Nxg4 21.
h3 Nxe3 22. Rxe3 Bc5 23. Re4 h6 24. b4 Bd6 25. Nb5 Kh7 26. Nxd6 cxd6 27. Qg4
Rfe8 28. Qxg6+ Kxg6 29. Rg4+ Kf6 30. Rf4+ Kg6 31. Rg4+ Kh7 32. Rc4 Re2 33. Rc7
f6 34. Rd7 Rxa2 35. Rc1 Kg6 36. Rcc7 Kf5 37. Rxd6 Ke5 38. Rdd7 g5 39. Rc6 Re8
40. Rcc7 a5 41. bxa5 bxa5 42. d6 Rb8 43. Rc1 Ke6 44. Rh7 Ke5 0-1

[Event "Transnational Rapid"]
[Site "Toronto CAN"]
[Date "2023.06.04"]
[Round "8.8"]
[White "Cervantes Landeiro, Thalia"]
[Black "Samsonkin, Artiom"]
[Result "0-1"]
[WhiteElo "2271"]
[BlackElo "2420"]
[PlyCount "78"]
[EventDate "2023.06.03"]
[EventType "swiss (rapid)"]
[EventRounds "11"]
[EventCountry "CAN"]
[Source "Mark Crowther"]
[SourceDate "2023.06.12"]

1. d4 Nf6 2. c4 e6 3. Nf3 Bb4+ 4. Nbd2 b6 5. a3 Bxd2+ 6. Qxd2 Bb7 7. e3 O-O 8.
Be2 d5 9. cxd5 Bxd5 10. O-O Nbd7 11. b4 c5 12. dxc5 bxc5 13. Bb2 Ne4 14. Qc2
Qb6 15. b5 c4 16. a4 c3 17. Ba3 Rfc8 18. Bd3 f5 19. Rfb1 Qb7 20. a5 Nd2 21. a6
Nxf3+ 22. gxf3 Qc7 23. e4 Bc4 24. Qxc3 Bxd3 25. Qxd3 Ne5 26. Qb3 Qf7 27. Kh1
Rd8 28. Bb2 Nd3 29. Rf1 fxe4 30. f4 Rd5 31. Be5 Qh5 32. f3 e3 33. b6 axb6 34.
Ra2 Qh3 35. Rg2 g6 36. Qc2 Rad8 37. a7 Nxe5 38. fxe5 Rd2 39. Rxd2 Qxf1# 0-1

[Event "Transnational Rapid"]
[Site "Toronto CAN"]
[Date "2023.06.04"]
[Round "9.6"]
[White "Samsonkin, Artiom"]
[Black "Meshkovs, Nikita"]
[Result "0-1"]
[WhiteElo "2420"]
[BlackElo "2573"]
[PlyCount "88"]
[EventDate "2023.06.03"]
[EventType "swiss (rapid)"]
[EventRounds "11"]
[EventCountry "CAN"]
[Source "Mark Crowther"]
[SourceDate "2023.06.12"]

1. e4 e5 2. Nf3 Nc6 3. d4 exd4 4. Bc4 Nf6 5. e5 d5 6. Bb5 Ne4 7. Nxd4 Bd7 8.
Bxc6 bxc6 9. O-O Bc5 10. f3 Ng5 11. Be3 Bb6 12. f4 Ne4 13. Nd2 c5 14. N4f3 Nxd2
15. Qxd2 d4 16. Bf2 Bc6 17. Bh4 Qd5 18. f5 Kd7 19. c4 Qxc4 20. e6+ Kc8 21. Ne5
Qd5 22. Nxc6 Qxc6 23. exf7 Rf8 24. Qe2 Rxf7 25. Qa6+ Kd7 26. Qc4 Raf8 27. a4
Ba5 28. Rad1 Rxf5 29. Rxf5 Rxf5 30. Qg8 Qxa4 31. Qd8+ Ke6 32. Qc8+ Qd7 33. Qa6+
Bb6 34. Qd3 Kd5 35. Re1 c4 36. Qe4+ Kc5 37. b3 Qd5 38. Qe8 d3 39. Be7+ Kd4 40.
Qa4 d2 41. Rd1 Kd3+ 42. Kh1 c3 43. Qa6+ Qb5 44. Qc8 c2 0-1

[Event "Transnational Rapid"]
[Site "Toronto CAN"]
[Date "2023.06.04"]
[Round "10.8"]
[White "Bosiocic, Mari"]
[Black "Samsonkin, Artiom"]
[Result "0-1"]
[WhiteElo "2543"]
[BlackElo "2420"]
[PlyCount "84"]
[EventDate "2023.06.03"]
[EventType "swiss (rapid)"]
[EventRounds "11"]
[EventCountry "CAN"]
[Source "Mark Crowther"]
[SourceDate "2023.06.12"]

1. Nf3 Nf6 2. c4 e6 3. g3 d5 4. d4 Be7 5. Bg2 O-O 6. O-O dxc4 7. Qc2 b5 8. a4
b4 9. Ne5 Nd5 10. Nxc4 c5 11. e4 Nb6 12. e5 Nxc4 13. Bxa8 Ba6 14. Be4 Qxd4 15.
Bxh7+ Kh8 16. Rd1 Qg4 17. Bd3 Nc6 18. h3 Qxh3 19. Bf1 Qg4 20. Bf4 b3 21. Qxb3
N4a5 22. Qc2 Nb4 23. Qd2 Nb3 24. Qd7 Rd8 25. Qxd8+ Bxd8 26. Rxd8+ Kh7 27. Ra3
Bxf1 28. Kxf1 Nd4 29. Kg2 g5 30. Nd2 gxf4 31. Rd7 Kg6 32. Nf3 Nxf3 33. Rxf3 Nd5
34. Rxa7 Qf5 35. a5 Qxe5 36. a6 Qe2 37. gxf4 Qe4 38. Kg3 Nf6 39. Rc7 Nh5+ 40.
Kg2 Nxf4+ 41. Kg3 Ne2+ 42. Kg2 Nd4 0-1

[Event "Transnational Rapid"]
[Site "Toronto CAN"]
[Date "2023.06.04"]
[Round "11.6"]
[White "Samsonkin, Artiom"]
[Black "Sai, KG."]
[Result "1-0"]
[WhiteElo "2420"]
[BlackElo "2376"]
[PlyCount "61"]
[EventDate "2023.06.03"]
[EventType "swiss (rapid)"]
[EventRounds "11"]
[EventCountry "CAN"]
[Source "Mark Crowther"]
[SourceDate "2023.06.12"]

1. e4 e5 2. Nf3 Nc6 3. d4 exd4 4. Bc4 Nf6 5. e5 d5 6. Bb5 Ne4 7. Nxd4 Bd7 8.
Bxc6 bxc6 9. O-O Bc5 10. f3 Ng5 11. Be3 Bb6 12. f4 Ne4 13. Nd2 c5 14. N4f3 Bb5
15. c4 Nxd2 16. Nxd2 Bc6 17. Qg4 Qd7 18. f5 h5 19. Qh3 f6 20. e6 Qe7 21. a4 a5
22. cxd5 Bxd5 23. Rac1 O-O-O 24. Qh4 g6 25. fxg6 Qxe6 26. Bxc5 Bxg2 27. Bxb6
Rxd2 28. Rxf6 Qd5 29. g7 Rg8 30. Rxc7+ Kb8 31. Rf8+ 1-0

[Event "Chicago op"]
[Site "Wheeling USA"]
[Date "2023.05.28"]
[Round "6"]
[White "Samsonkin, Artiom"]
[Black "Andersen, Gunnar"]
[Result "1/2-1/2"]
[WhiteElo "2420"]
[BlackElo "2283"]
[PlyCount "36"]
[EventDate "2023.05.25"]
[EventType "swiss"]
[EventRounds "9"]
[EventCountry "USA"]
[Source "ChessMix"]
[SourceDate "2023.06.10"]

1. e4 c5 2. Nf3 Nc6 3. Bb5 e6 4. O-O Nge7 5. d4 cxd4 6. Nxd4 Ng6 7. Be3 Be7 8.
c3 O-O 9. Nd2 Nxd4 10. cxd4 b6 11. Rc1 Bb7 12. Bd3 f5 13. f4 Rc8 14. Rxc8 Qxc8
15. Qa4 fxe4 16. Bxe4 Bxe4 17. Nxe4 Qb7 18. Nc3 Bf6 1/2-1/2

[Event "Titled Tuesday 2023.05.02 Late"]
[Site "chess.com INT"]
[Date "2023.05.02"]
[Round "9"]
[White "Parvanyan, Ashot"]
[Black "Samsonkin, Artiom"]
[Result "0-1"]
[WhiteElo "2431"]
[BlackElo "2420"]
[PlyCount "68"]
[EventDate "2023.05.02"]
[EventType "swiss (blitz)"]
[EventRounds "11"]
[EventCountry "NET"]
[Source "Mark Crowther"]
[SourceDate "2023.05.08"]

1. Nf3 Nf6 2. c4 g6 3. Nc3 Bg7 4. e4 d6 5. d4 O-O 6. h3 e5 7. d5 a5 8. g4 Na6
9. Be3 Nc5 10. Nd2 Kh8 11. Be2 Ng8 12. h4 f5 13. g5 f4 14. Bxc5 dxc5 15. Bg4
Bxg4 16. Qxg4 Qc8 17. Qf3 h5 18. gxh6 Nxh6 19. Ke2 Ra6 20. Rag1 Kh7 21. h5 Rff6
22. Rg5 Qe8 23. Nb5 Qf7 24. Rhg1 Kg8 25. d6 c6 26. Nc7 Rb6 27. Rxg6 Rxg6 28.
Rxg6 Kh7 29. Ne6 Bf6 30. Qg4 Rxb2 31. d7 Nxg4 32. Rxf6 Rxd2+ 33. Kxd2 Qxd7+ 34.
Ke2 Nxf6 0-1

[Event "Titled Tuesday 2023.05.02 Late"]
[Site "chess.com INT"]
[Date "2023.05.02"]
[Round "10"]
[White "Samsonkin, Artiom"]
[Black "Mortazavi, A."]
[Result "1-0"]
[WhiteElo "2420"]
[BlackElo "2333"]
[PlyCount "75"]
[EventDate "2023.05.02"]
[EventType "swiss (blitz)"]
[EventRounds "11"]
[EventCountry "NET"]
[Source "Mark Crowther"]
[SourceDate "2023.05.08"]

1. e4 c6 2. d4 d5 3. e5 Bf5 4. h4 c5 5. dxc5 Nc6 6. Bb5 Qc7 7. Nc3 e6 8. g4
Qxe5+ 9. Kf1 Bxc5 10. gxf5 Qxf5 11. Qf3 Nge7 12. Qxf5 Nxf5 13. Nf3 O-O-O 14.
Bxc6 bxc6 15. Ne5 Kb7 16. Nxf7 Rdf8 17. Nxh8 Ng3+ 18. Kg2 Nxh1 19. Kxh1 Rxh8
20. Be3 Bd6 21. Na4 e5 22. Bc5 Bc7 23. Kg2 Re8 24. Re1 Re6 25. h5 Rh6 26. Rh1
Rf6 27. Rh3 Rf5 28. Rg3 Rf7 29. Rb3+ Ka8 30. Rf3 Rxf3 31. Kxf3 g6 32. h6 Kb7
33. Bf8 Ka6 34. Nc5+ Kb5 35. Ne6 Bb6 36. Ng5 e4+ 37. Ke2 d4 38. Nxe4 1-0

[Event "Charlotte Spring GM"]
[Site "Charlotte USA"]
[Date "2023.03.16"]
[Round "1.3"]
[White "Ringoir, Tanguy"]
[Black "Samsonkin, Artiom"]
[Result "1-0"]
[WhiteElo "2490"]
[BlackElo "2425"]
[PlyCount "91"]
[EventDate "2023.03.14"]
[EventType "tourn"]
[EventRounds "9"]
[EventCountry "USA"]
[EventCategory "6"]
[Source "ChessMix"]
[SourceDate "2023.03.20"]

1. d4 Nf6 2. c4 e6 3. Nf3 Bb4+ 4. Nbd2 O-O 5. a3 Be7 6. e4 d6 7. Bd3 e5 8. O-O
exd4 9. Nxd4 Nc6 10. Nxc6 bxc6 11. Nb3 c5 12. Na5 Bd7 13. f4 c6 14. Bd2 Qc7 15.
Qf3 Rfe8 16. h3 Bf8 17. Rae1 Rab8 18. Bc3 d5 19. cxd5 cxd5 20. exd5 c4 21. Bxc4
Rxe1 22. Rxe1 Rxb2 23. Bxb2 Qb6+ 24. Kh2 Qxb2 25. Nc6 Bd6 26. Ne5 Qd4 27. Qe3
Qb2 28. Qxa7 Qc3 29. Qe3 Qb2 30. Bb3 Qxa3 31. Qb6 h5 32. Kh1 Bb4 33. Qb8+ Be8
34. Rb1 Bd6 35. Qb6 Ne4 36. Nc4 Qc5 37. Qxc5 Bxc5 38. Bc2 Ng3+ 39. Kh2 h4 40.
Bd3 f6 41. Rb8 Kf7 42. Rc8 Bb4 43. Rc7+ Kf8 44. d6 Bb5 45. Rc8+ Kf7 46. Rb8 1-0